[Event "WchT Seniors 65"]
[Site "Prague"]
[Date "2020.03.06"]
[Round "1.18"]
[White "Krauseneck, Peter"]
[Black "Becvar, Miroslav"]
[Result "1/2-1/2"]
[WhiteElo "2126"]
[BlackElo "1857"]
[PlyCount "74"]
[EventDate "2020.03.06"]
[EventType "team-swiss"]
[EventRounds "7"]
[EventCountry "CZE"]
[SourceTitle "CBM 195 Extra"]
[Source "ChessBase"]
[SourceDate "2020.05.31"]
[SourceVersion "1"]
[SourceVersionDate "2020.05.31"]
[SourceQuality "1"]
[WhiteTeam "Germany 65 V"]
[BlackTeam "Czech Republic 65 VIII"]
[WhiteTeamCountry "GER"]
[BlackTeamCountry "CZE"]

1. d4 e6 2. Bf4 d5 3. e3 Nf6 4. Nc3 Bb4 5. Nge2 0-0 6. a3 Bd6 7. Qd2 b6 8. f3 Ba6 9. g4 c5 10. g5 Nh5 11. Bxd6 Qxd6 12. 0-0-0 Nc6 13. Nf4 Bxf1 14. Nxh5 cxd4 15. Rhxf1 dxc3 16. Qxc3 d4 17. exd4 Qd5 18. f4 Ne7 19. Kb1 Nf5 20. Qh3 Rac8 21. Qf3 Rfd8 22. c3 Qb5 23. Ng3 Nd6 24. Qh5 Nc4 25. Qe2 Qd5 26. Ka1 Nxa3 27. bxa3 Rxc3 28. Rd3 Rdc8 29. Rxc3 Rxc3 30. Qb2 Qxd4 31. Ka2 Qc4+ 32. Ka1 Qc5 33. Kb1 Qc4 34. Rc1 Qd3+ 35. Ka2 Qc4+ 36. Kb1 Qd3+ 37. Ka2 Qc4+ 1/2-1/2

[Event "Bamberg op 2nd"]
[Site "Bamberg"]
[Date "2019.06.01"]
[Round "5"]
[White "Link, Klaus"]
[Black "Krauseneck, Peter"]
[Result "1/2-1/2"]
[WhiteElo "1959"]
[BlackElo "2136"]
[PlyCount "133"]
[EventDate "2019.05.29"]
[EventType "swiss"]
[EventRounds "7"]
[EventCountry "GER"]
[SourceTitle "CBM 190 Extra"]
[Source "ChessBase"]
[SourceDate "2019.07.15"]
[SourceVersion "1"]
[SourceVersionDate "2019.07.15"]
[SourceQuality "1"]

1. e4 b6 2. d4 Bb7 3. Bd3 e6 4. Ne2 g6 5. 0-0 Bg7 6. c4 Ne7 7. Nbc3 d6 8. Be3 Nd7 9. Rc1 0-0 10. Qd2 e5 11. f4 exd4 12. Bxd4 Nc6 13. Bxg7 Kxg7 14. Nd5 f6 15. Bb1 a5 16. Nec3 Nc5 17. Nb5 Rf7 18. Rce1 Ba6 19. Nd4 Qd7 20. b3 Re8 21. h3 Bb7 22. Nb5 Qd8 23. Qb2 Nb8 24. e5 Bxd5 25. cxd5 fxe5 26. fxe5 Rxf1+ 27. Kxf1 Rxe5 28. Rxe5 Qf6+ 29. Kg1 Qxe5 30. Qxe5+ dxe5 31. Nxc7 Kf7 32. Kf2 Ke7 33. Ke3 Nbd7 34. Nb5 Nf6 35. Nc3 Kd6 36. Be4 Na6 37. Nb5+ Kc5 38. a4 Nxd5+ 39. Bxd5 Kxd5 40. Nc3+ Ke6 41. Kd3 Nc5+ 42. Kc4 Kf5 43. Nd5 Nd7 44. b4 axb4 45. Kxb4 e4 46. g4+ Ke5 47. Kc4 g5 48. Ne3 Kf4 49. Kd4 h6 50. Nc4 Kg3 51. Kxe4 Nc5+ 52. Kd5 Nxa4 53. Kc6 Kxh3 54. Ne5 Kg3 55. Nf7 Kxg4 56. Nxh6+ Kf4 57. Kb5 Nc3+ 58. Kxb6 Nd5+ 59. Kc5 Ne3 60. Ng8 Kf5 61. Kd4 Kf4 62. Nf6 Nf5+ 63. Kd3 Nd6 64. Nh5+ Kf3 65. Nf6 Ne8 66. Nxe8 g4 67. Ng7 1/2-1/2

[Event "Bamberg op 2nd"]
[Site "Bamberg"]
[Date "2019.05.30"]
[Round "3"]
[White "Pribyl, Josef"]
[Black "Krauseneck, Peter"]
[Result "1-0"]
[WhiteElo "2239"]
[BlackElo "2136"]
[PlyCount "147"]
[EventDate "2019.05.29"]
[EventType "swiss"]
[EventRounds "7"]
[EventCountry "GER"]
[SourceTitle "CBM 190 Extra"]
[Source "ChessBase"]
[SourceDate "2019.07.15"]
[SourceVersion "1"]
[SourceVersionDate "2019.07.15"]
[SourceQuality "1"]

1. c4 e5 2. Nc3 Nc6 3. g3 d6 4. Bg2 f5 5. e3 Nf6 6. d4 Bd7 7. Nge2 g6 8. b3 Bg7 9. Ba3 e4 10. Qd2 0-0 11. Nf4 a6 12. c5 Bc8 13. h4 d5 14. f3 Rf7 15. 0-0-0 exf3 16. Bxf3 Ne4 17. Nxe4 fxe4 18. Be2 Ne7 19. g4 Bd7 20. Rdg1 Bb5 21. Bd1 Qd7 22. Bb2 Raf8 23. a4 Bc6 24. Be2 Qc8 25. Kb1 Bd7 26. Bc3 c6 27. Rh2 Qb8 28. Rf2 Qc8 29. Rff1 Qb8 30. Ka2 Qc8 31. Qd1 Qc7 32. Be1 b6 33. Bg3 Qb7 34. Qc2 a5 35. Rc1 b5 36. Nh3 Bh6 37. Ng5 Bxg5 38. hxg5 Rc8 39. Rgf1 Rcf8 40. Rxf7 Rxf7 41. Bf4 Qc8 42. Rg1 Qb7 43. Qd2 b4 44. Qe1 Be6 45. Qg3 Nc8 46. Be5 Qe7 47. Qh4 Qd7 48. Bf6 Qc7 49. Rh1 Kf8 50. Qf2 Ke8 51. Qh4 Ne7 52. Be5 Qb7 53. Qg3 Ng8 54. Kb2 Qe7 55. Bf4 Qb7 56. Kc1 Ne7 57. Kd2 Nc8 58. Ke1 Qe7 59. Qh4 Qd7 60. Be5 Qe7 61. Bf6 Qc7 62. Rf1 Qd7 63. Rf2 Na7 64. Qg3 Nc8 65. Qe5 Kf8 66. Rf4 Kg8 67. Qb8 Rf8 68. Kf2 Rf7 69. Kg3 Rf8 70. Be5 Rxf4 71. Bxf4 Kf7 72. Qc7 Ke8 73. Qxa5 Qb7 74. Qc7 1-0

[Event "Landesliga Nord 1819"]
[Site "Bayern"]
[Date "2019.02.24"]
[Round "7.6"]
[White "Mueller, Marcus"]
[Black "Krauseneck, Peter"]
[Result "1/2-1/2"]
[WhiteElo "2061"]
[BlackElo "2047"]
[PlyCount "177"]
[EventDate "2018.10.21"]
[EventType "team-tourn"]
[EventRounds "9"]
[EventCountry "GER"]
[SourceTitle "EXT 2022"]
[Source "ChessBase"]
[SourceDate "2021.10.06"]
[SourceVersion "1"]
[SourceVersionDate "2021.10.06"]
[SourceQuality "1"]
[WhiteTeam "Nuernberg Sued SW"]
[BlackTeam "Bamberg SC"]
[WhiteTeamCountry "GER"]
[BlackTeamCountry "GER"]

1. d4 e6 2. Nf3 b6 3. g3 Bb7 4. Bg2 f5 5. 0-0 Nf6 6. c4 Be7 7. Nc3 Ne4 8. Qc2 d6 9. d5 Nxc3 10. Qxc3 e5 11. e4 fxe4 12. Nd2 Nd7 13. Nxe4 0-0 14. Be3 a5 15. b3 Bc8 16. a3 h6 17. b4 Nf6 18. Rac1 Bg4 19. Nd2 Qe8 20. c5 axb4 21. axb4 bxc5 22. bxc5 Qf7 23. Qc4 Qh5 24. f3 Bc8 25. Ra1 Bf5 26. Rfe1 Rxa1 27. Rxa1 e4 28. Re1 exf3 29. Bxf3 Qf7 30. Kg2 Nd7 31. cxd6 Bxd6 32. Bd4 Nf6 33. Bc3 Qg6 34. Qd4 h5 35. Qh4 Bg4 36. Bxf6 Bxf3+ 37. Nxf3 Rxf6 38. Qe4 Qxe4 39. Rxe4 Rf5 40. Rd4 Kf7 41. Rd2 g5 42. h3 Kg6 43. Rd4 Rf8 44. Re4 Rf5 45. Rd4 Bc5 46. Rd3 Kf6 47. Rd2 g4 48. Nh2 Kg5 49. hxg4 hxg4 50. Nf1 Rf3 51. Nh2 Ra3 52. Nf1 Kf5 53. Nh2 Rc3 54. Nf1 Ke4 55. Nh2 Bd6 56. Nf1 Be5 57. Kf2 Rf3+ 58. Kg2 Bd6 59. Rd1 Rc3 60. Rd2 Be5 61. Kf2 Bd4+ 62. Kg2 Rc1 63. Re2+ Kxd5 64. Ne3+ Bxe3 65. Rxe3 Rc2+ 66. Kf1 Kd4 67. Re7 Kd3 68. Rg7 Rc4 69. Kf2 c5 70. Rg5 Rc2+ 71. Ke1 Ke3 72. Kd1 Rc4 73. Rf5 Kd3 74. Re5 Rb4 75. Kc1 c4 76. Re8 c3 77. Rd8+ Rd4 78. Rc8 Rc4 79. Rd8+ Ke3 80. Kc2 Kf2 81. Rd3 Ke2 82. Rd8 Ke3 83. Rd7 Kf2 84. Rd3 Re4 85. Rxc3 Re3 86. Rc8 Kxg3 87. Kd2 Re7 88. Rg8 Kf2 89. Rxg4 1/2-1/2

[Event "Landesliga Nord 1819"]
[Site "Bayern"]
[Date "2019.02.03"]
[Round "6.5"]
[White "Seidens, Udo"]
[Black "Krauseneck, Peter"]
[Result "1/2-1/2"]
[WhiteElo "2073"]
[BlackElo "2047"]
[PlyCount "137"]
[EventDate "2018.10.21"]
[EventType "team-tourn"]
[EventRounds "9"]
[EventCountry "GER"]
[SourceTitle "EXT 2022"]
[Source "ChessBase"]
[SourceDate "2021.10.06"]
[SourceVersion "1"]
[SourceVersionDate "2021.10.06"]
[SourceQuality "1"]
[WhiteTeam "Schweinfurt"]
[BlackTeam "Bamberg SC"]
[WhiteTeamCountry "GER"]
[BlackTeamCountry "GER"]

1. Nf3 f5 2. d4 e6 3. Nc3 d5 4. Bg5 Nf6 5. Ne5 Be7 6. e3 Nbd7 7. Be2 Nxe5 8. dxe5 Nd7 9. Bxe7 Qxe7 10. Qd4 a6 11. h4 b5 12. b4 c5 13. bxc5 Qxc5 14. Bh5+ g6 15. Bf3 Bb7 16. a4 Rc8 17. Ne2 bxa4 18. Rxa4 Qxc2 19. 0-0 Qc7 20. Rc1 Qxe5 21. Rb1 Rc7 22. Qb4 Kf7 23. Nf4 Nc5 24. Ra5 Rhc8 25. Rxc5 Rxc5 26. Nd3 Rc1+ 27. Nxc1 Bc6 28. Nd3 Qf6 29. Rc1 Kg8 30. Qd6 Bb7 31. Rb1 Rd8 32. Qc7 Ba8 33. Rb8 Rxb8 34. Qxb8+ Qf8 35. Qxf8+ Kxf8 36. Nc5 Ke7 37. Nxa6 Kd6 38. Kf1 h6 39. Ke1 g5 40. g3 Ke5 41. Kd2 gxh4 42. gxh4 f4 43. Nc5 fxe3+ 44. fxe3 Bc6 45. Bg4 d4 46. Nd3+ Ke4 47. exd4 Kxd4 48. Bxe6 Bb5 49. Nf2 Ke5 50. Bf7 Kf4 51. h5 Bf1 52. Bg6 Bb5 53. Ne4 Bc6 54. Nd6 Bd5 55. Kd3 Ba2 56. Kd4 Bb3 57. Nf5 Kg5 58. Ng7 Kf6 59. Ne8+ Kg5 60. Ke5 Bd1 61. Nf6 Bf3 62. Ke6 Bd1 63. Kf7 Bb3+ 64. Kg7 Bd1 65. Nh7+ Kh4 66. Kxh6 Be2 67. Nf6 Bd1 68. Bf5 Bxh5 69. Nxh5 1/2-1/2

[Event "WchT Seniors 65"]
[Site "Dresden"]
[Date "2018.07.15"]
[Round "9.4"]
[White "Krauseneck, Peter"]
[Black "Romcovici, Victor"]
[Result "1/2-1/2"]
[WhiteElo "2147"]
[BlackElo "2114"]
[PlyCount "162"]
[EventDate "2018.07.07"]
[EventType "team-swiss"]
[EventRounds "9"]
[EventCountry "GER"]
[SourceTitle "CBM 185 Extra"]
[Source "ChessBase"]
[SourceDate "2018.07.29"]
[SourceVersion "1"]
[SourceVersionDate "2018.07.29"]
[SourceQuality "1"]
[WhiteTeam "Schwaebische Franken"]
[BlackTeam "Moldova"]
[WhiteTeamCountry "GER"]
[BlackTeamCountry "MDA"]

1. d4 d5 2. Nc3 Nf6 3. Bf4 Bf5 4. f3 e6 5. e3 h6 6. g4 Bh7 7. Bd3 Bd6 8. Bxh7 Nxh7 9. h4 a6 10. Qd2 Nc6 11. 0-0-0 Qd7 12. Nge2 0-0-0 13. Kb1 Kb8 14. Nc1 Na5 15. N3e2 Nc4 16. Qc3 Qb5 17. Qb3 Qa5 18. Qd3 Qb4 19. Nb3 a5 20. Qc3 Qb5 21. Nc5 e5 22. a4 Qb6 23. Bg3 Rhe8 24. Nb3 exd4 25. Qxd4 Qxd4 26. Nbxd4 Rxe3 27. b3 Nb6 28. Bf2 Re7 29. Nc3 Be5 30. Nf5 Red7 31. Rd3 Nc8 32. Rhd1 c6 33. Ne2 Nf6 34. Nxg7 Nxg4 35. fxg4 Bxg7 36. Bd4 Bxd4 37. Nxd4 Rg8 38. Rg3 Nd6 39. Kc1 c5 40. Nf3 Ne4 41. Rg2 d4 42. Rf1 Rd5 43. Nd2 f5 44. Rf4 Nf6 45. g5 Ng4 46. gxh6 Rh8 47. Rg1 Rxh6 48. Rh1 Kc7 49. Nc4 b6 50. Kd2 Nf6 51. Rhf1 Rh5 52. Rg1 Ng4 53. Rh1 Rd7 54. Rhf1 Rd5 55. Rh1 Nf6 56. Rg1 Ne4+ 57. Kd3 Rd7 58. Rg6 Nd6 59. Rf6 Nxc4 60. Kxc4 Rdh7 61. R6xf5 Rxf5 62. Rxf5 Rxh4 63. Rf7+ Kd6 64. Rf6+ Ke5 65. Rxb6 Rh2 66. Kxc5 Rxc2+ 67. Kb5 d3 68. Rb8 Kd4 69. Rd8+ Kc3 70. Kxa5 d2 71. b4 Kc4 72. Rc8+ Kb3 73. Rd8 Ra2 74. Rd3+ Kc2 75. Rd7 Ra3 76. Rxd2+ Kxd2 77. b5 Kc3 78. b6 Kc4 79. b7 Rb3 80. Ka6 Kc5 81. Ka7 Rxb7+ 1/2-1/2

[Event "WchT Seniors 65"]
[Site "Dresden"]
[Date "2018.07.12"]
[Round "6.7"]
[White "Woeber, Friedrich"]
[Black "Krauseneck, Peter"]
[Result "1-0"]
[WhiteElo "2114"]
[BlackElo "2147"]
[PlyCount "91"]
[EventDate "2018.07.07"]
[EventType "team-swiss"]
[EventRounds "9"]
[EventCountry "GER"]
[SourceTitle "CBM 185 Extra"]
[Source "ChessBase"]
[SourceDate "2018.07.29"]
[SourceVersion "1"]
[SourceVersionDate "2018.07.29"]
[SourceQuality "1"]
[WhiteTeam "Austria"]
[BlackTeam "Schwaebische Franken"]
[WhiteTeamCountry "AUT"]
[BlackTeamCountry "GER"]

1. e4 e6 2. d4 b6 3. Nf3 Bb7 4. Bd3 Ne7 5. 0-0 d6 6. Re1 Nd7 7. c4 e5 8. Nc3 Ng6 9. d5 Be7 10. b4 a5 11. bxa5 Rxa5 12. Be3 0-0 13. g3 Bc8 14. h4 Nf6 15. Nh2 h5 16. Be2 Qd7 17. Bxh5 Nxh5 18. Qxh5 Qh3 19. Nb5 Bd8 20. a4 Bd7 21. Bd2 Ra8 22. Ra3 Bxb5 23. cxb5 Nxh4 24. gxh4 Qxa3 25. Ng4 Qh3 26. Bg5 Rxa4 27. Bxd8 Rxd8 28. Qg5 Rda8 29. Nh6+ Kf8 30. Nf5 Qc3 31. Qxg7+ Ke8 32. Qg8+ Kd7 33. Qxf7+ Kc8 34. Re3 Qc1+ 35. Kg2 Ra1 36. Qe8+ Kb7 37. Qc6+ Ka7 38. Qxc1 Rxc1 39. Ra3+ Kb7 40. Rxa8 Kxa8 41. h5 Kb7 42. h6 Ra1 43. Kg3 Rh1 44. Kg4 Kc8 45. Nh4 Rg1+ 46. Kh5 1-0

[Event "WchT Seniors 65"]
[Site "Dresden"]
[Date "2018.07.10"]
[Round "4.3"]
[White "Krauseneck, Peter"]
[Black "Buchal, Stephan"]
[Result "1/2-1/2"]
[WhiteElo "2147"]
[BlackElo "2329"]
[PlyCount "85"]
[EventDate "2018.07.07"]
[EventType "team-swiss"]
[EventRounds "9"]
[EventCountry "GER"]
[SourceTitle "CBM 185 Extra"]
[Source "ChessBase"]
[SourceDate "2018.07.29"]
[SourceVersion "1"]
[SourceVersionDate "2018.07.29"]
[SourceQuality "1"]
[WhiteTeam "Schwaebische Franken"]
[BlackTeam "Germany"]
[WhiteTeamCountry "GER"]
[BlackTeamCountry "GER"]

1. d4 g6 2. e4 Bg7 3. Nc3 d6 4. Be3 a6 5. h4 Nf6 6. Be2 h5 7. Nh3 Bxh3 8. Rxh3 b5 9. Bf3 Nbd7 10. e5 dxe5 11. Bxa8 Qxa8 12. Qf3 e4 13. Qf4 b4 14. Ne2 Qc6 15. c3 Nb6 16. Qg3 Nc4 17. b3 Nxe3 18. Qxe3 Ng4 19. Qg3 0-0 20. cxb4 e5 21. Rc1 Qb6 22. d5 e3 23. fxe3 Qxb4+ 24. Nc3 Bh6 25. Ke2 Nxe3 26. Rhh1 Nf5 27. Qxe5 Qg4+ 28. Kd3 Bxc1 29. Rxc1 Nd6 30. Ne4 Nxe4 31. Qxe4 Qd7 32. Rc6 Re8 33. Qf3 Re5 34. Kd4 Rf5 35. Qe4 a5 36. a4 Qd8 37. g3 Rf1 38. Qe2 Rf5 39. Qe4 Rf1 40. Qe2 Rf5 41. Qb5 Qe7 42. Qb8+ Kg7 43. Qxc7 1/2-1/2

[Event "Karlsruhe Grenke op"]
[Site "Karlsruhe"]
[Date "2018.03.29"]
[Round "1"]
[White "Rapport, Richard"]
[Black "Krauseneck, Peter"]
[Result "1-0"]
[WhiteElo "2715"]
[BlackElo "2149"]
[PlyCount "67"]
[EventDate "2018.03.29"]
[EventType "swiss"]
[EventRounds "9"]
[EventCountry "GER"]
[SourceTitle "CBM 183 Extra"]
[Source "ChessBase"]
[SourceDate "2018.04.19"]
[SourceVersion "1"]
[SourceVersionDate "2018.04.19"]
[SourceQuality "1"]

1. d4 d5 2. c4 e6 3. Nc3 f5 4. Bf4 Nf6 5. e3 Be7 6. h3 0-0 7. Qc2 c6 8. g4 Ne4 9. gxf5 Nxc3 10. Qxc3 exf5 11. Nf3 Be6 12. Rg1 Nd7 13. Ng5 Bxg5 14. Bxg5 Nf6 15. c5 Qe8 16. Bf4 Rf7 17. 0-0-0 b6 18. Kb1 Rb7 19. Be5 Rf7 20. Be2 Ne4 21. Qe1 Nf6 22. Rc1 Nd7 23. Bf4 bxc5 24. dxc5 a5 25. Bh5 g6 26. Qc3 Qe7 27. Bxg6 Rg7 28. Bh5 Nf6 29. Bd6 Qd8 30. Rxg7+ Kxg7 31. Rg1+ Kh6 32. Be2 Nh5 33. Bf4+ Nxf4 34. Qg7# 1-0

[Event "Landesliga Nord 1718"]
[Site "Bayern"]
[Date "2017.11.12"]
[Round "2.5"]
[White "Krauseneck, Peter"]
[Black "Heimerdinger, Joerg"]
[Result "0-1"]
[WhiteElo "2055"]
[BlackElo "2070"]
[PlyCount "114"]
[EventDate "2017.10.22"]
[EventType "team-tourn"]
[EventRounds "9"]
[EventCountry "GER"]
[SourceTitle "EXT 2022"]
[Source "ChessBase"]
[SourceDate "2021.10.06"]
[SourceVersion "1"]
[SourceVersionDate "2021.10.06"]
[SourceQuality "1"]
[WhiteTeam "Bamberg SC"]
[BlackTeam "Bindlach Aktionaer II"]
[WhiteTeamCountry "GER"]
[BlackTeamCountry "GER"]

1. d4 Nf6 2. Bf4 g6 3. Nc3 d5 4. Qd2 Bf5 5. f3 Bg7 6. g4 Be6 7. Bh6 Bxh6 8. Qxh6 c5 9. e3 Nc6 10. Bb5 Qb6 11. Nge2 0-0-0 12. dxc5 Qxc5 13. Bxc6 bxc6 14. Qf4 h6 15. h4 g5 16. Qd4 Qxd4 17. exd4 h5 18. hxg5 hxg4 19. Kf2 gxf3 20. Nf4 Ng4+ 21. Kxf3 Bd7 22. Rag1 Rxh1 23. Rxh1 Rg8 24. Nh3 e5 25. dxe5 Nxe5+ 26. Kf4 Ng6+ 27. Kf3 Ne5+ 28. Kf4 Ng6+ 29. Kf3 Bf5 30. Rh2 Rh8 31. Kg3 Rh5 32. Nd1 Bxh3 33. Rxh3 Rxg5+ 34. Kf3 Kd7 35. c3 Rg1 36. Nf2 Ke6 37. Rh2 Ne5+ 38. Ke2 Rb1 39. Nd1 Nc4 40. Ke1 f5 41. Re2+ Kd6 42. b3 Ne5 43. Rc2 Ng4 44. Re2 Ra1 45. a4 f4 46. Kd2 f3 47. Re8 Ra2+ 48. Kc1 Re2 49. Ra8 f2 50. Nxf2 Nxf2 51. Rxa7 Ne4 52. Rh7 Nxc3 53. a5 d4 54. Rh8 Kc5 55. Rd8 Ra2 56. b4+ Kc4 57. Rc8 Kb3 0-1

[Event "Landesliga Nord 1718"]
[Site "Bayern"]
[Date "2017.10.22"]
[Round "1.5"]
[White "Saathoff, Richard"]
[Black "Krauseneck, Peter"]
[Result "1/2-1/2"]
[WhiteElo "2086"]
[BlackElo "2055"]
[PlyCount "26"]
[EventDate "2017.10.22"]
[EventType "team-tourn"]
[EventRounds "9"]
[EventCountry "GER"]
[SourceTitle "EXT 2022"]
[Source "ChessBase"]
[SourceDate "2021.10.06"]
[SourceVersion "1"]
[SourceVersionDate "2021.10.06"]
[SourceQuality "1"]
[WhiteTeam "Nuernberg Sued SW"]
[BlackTeam "Bamberg SC"]
[WhiteTeamCountry "GER"]
[BlackTeamCountry "GER"]

1. e4 e6 2. d4 d5 3. Nc3 Bb4 4. e5 c5 5. a3 Bxc3+ 6. bxc3 Qc7 7. Qg4 f5 8. Qg3 Nc6 9. Nf3 cxd4 10. cxd4 Nge7 11. Bd2 0-0 12. Bd3 Bd7 13. 0-0 Rac8 1/2-1/2

[Event "Landesliga Nord 1617"]
[Site "Bayern"]
[Date "2017.04.30"]
[Round "9.4"]
[White "Bildt, Maximilian"]
[Black "Krauseneck, Peter"]
[Result "0-1"]
[WhiteElo "2082"]
[BlackElo "2140"]
[PlyCount "116"]
[EventDate "2016.10.16"]
[EventType "team-tourn"]
[EventRounds "9"]
[EventCountry "GER"]
[SourceTitle "EXT 2019"]
[Source "ChessBase"]
[SourceDate "2018.10.10"]
[SourceVersion "1"]
[SourceVersionDate "2018.10.10"]
[SourceQuality "1"]
[WhiteTeam "Zirndorf"]
[BlackTeam "Bamberg SC"]
[WhiteTeamCountry "GER"]
[BlackTeamCountry "GER"]

1. e4 e6 2. d4 d5 3. Nc3 Bb4 4. exd5 exd5 5. Bd3 Nc6 6. Nge2 Bg4 7. f3 Be6 8. Bf4 Nge7 9. 0-0 0-0 10. Nb5 Ba5 11. c3 a6 12. Na3 Bb6 13. Nc2 Qd7 14. Ne3 Ng6 15. Bg3 Nce7 16. Re1 Rfe8 17. Nf4 Nxf4 18. Bxf4 Ng6 19. Bg3 c5 20. Nc2 c4 21. Bf1 Bd8 22. Qd2 h6 23. Bf2 b5 24. g3 a5 25. Bg2 Bc7 26. Ne3 Ne7 27. b3 cxb3 28. axb3 Ra6 29. Bf1 Rd8 30. Qd3 Rb8 31. c4 bxc4 32. bxc4 Rab6 33. Rec1 Rb3 34. Rc3 dxc4 35. Nxc4 Bf5 36. Qd2 a4 37. Rxb3 axb3 38. Nb2 Qd5 39. Qe3 Qd6 40. Ra6 Qd7 41. Ra7 Nc6 42. Ra6 Nb4 43. Ra7 Be6 44. Qc3 Nd5 45. Qc1 Qd8 46. Bc4 Ba5 47. Ra6 Nc3 48. Kg2 Bxc4 49. Nxc4 Qc8 50. Rxa5 Qxc4 51. Qf4 Rc8 52. Qd2 Qb4 53. Rc5 Rxc5 54. dxc5 b2 55. c6 b1Q 56. c7 Qc4 57. Qd8+ Kh7 58. g4 Qbf1+ 0-1

[Event "Landesliga Nord 1617"]
[Site "Bayern"]
[Date "2017.02.19"]
[Round "6.5"]
[White "Kreuzer, Helmut"]
[Black "Krauseneck, Peter"]
[Result "1-0"]
[WhiteElo "2069"]
[BlackElo "2140"]
[PlyCount "109"]
[EventDate "2016.10.16"]
[EventType "team-tourn"]
[EventRounds "9"]
[EventCountry "GER"]
[SourceTitle "EXT 2019"]
[Source "ChessBase"]
[SourceDate "2018.10.10"]
[SourceVersion "1"]
[SourceVersionDate "2018.10.10"]
[SourceQuality "1"]
[WhiteTeam "Kelheim"]
[BlackTeam "Bamberg SC"]
[WhiteTeamCountry "GER"]
[BlackTeamCountry "GER"]

1. d4 d5 2. c4 c6 3. Nf3 Nf6 4. Qc2 g6 5. Bf4 Bf5 6. Qc1 dxc4 7. Qxc4 Nbd7 8. Ne5 Be6 9. Qc2 Nd5 10. Nxd7 Qxd7 11. Bd2 Bg7 12. e3 0-0 13. Be2 f5 14. 0-0 Bf7 15. Rd1 Rac8 16. Nc3 Rfd8 17. Nxd5 Bxd5 18. Bb4 Qc7 19. Bc4 e6 20. Rac1 Qf7 21. b3 e5 22. dxe5 Bxe5 23. Bxd5 Rxd5 24. Rxd5 Qxd5 25. Rd1 Qe6 26. g3 c5 27. Bc3 Bxc3 28. Qxc3 b6 29. Qd3 Re8 30. Qd7 Qe7 31. h4 Kf8 32. Qa4 Qf7 33. Qc6 Re6 34. Rd8+ Kg7 35. Qd5 Re7 36. Qd6 Re6 37. Qd3 Qf6 38. Qd5 Qf7 39. h5 Re7 40. Qd6 Re6 41. Qd3 Qf6 42. Qd5 Qf7 43. Rd7 Re7 44. h6+ Kf6 45. Rd6+ Re6 46. Rd8 g5 47. Rd7 Qf8 48. Rxh7 Kg6 49. Rd7 Re8 50. Qc6+ Kh5 51. Rg7 Kg4 52. Kg2 f4 53. f3+ Kf5 54. e4+ Ke5 55. Qd5+ 1-0